KOHA-Header-6

Psychological Assessment and Theory (Record no. 12531)

000 -LEADER
fixed length control field 00283nam a22001097a 4500
020 ## - INTERNATIONAL STANDARD BOOK NUMBER
ISBN 9788131520765
082 ## - DEWEY DECIMAL CLASSIFICATION NUMBER
Classification number 150.28
100 ## - MAIN ENTRY--AUTHOR NAME
Personal name Kaplan, Robert M.
245 ## - TITLE STATEMENT
Title Psychological Assessment and Theory
Remainder of title : Creating and Using Psychological Tests
250 ## - EDITION STATEMENT
Edition statement 8th edition
942 ## - ADDED ENTRY ELEMENTS (KOHA)
Koha item type Books
Holdings
Withdrawn status Lost status Collection code Permanent Location Current Location Shelving location Date acquired Full call number Accession Number Koha item type
    Psychology MAJU MAJU Shelf No.A35 2020-09-22 150.28 9739 Psychology

Powered by Koha